| 000 | 01323cam a22003494a 4500 | ||
|---|---|---|---|
| 999 |
_c29124 _d29095 |
||
| 001 | 13501692 | ||
| 003 | EG-ScBUE | ||
| 005 | 20210531093021.0 | ||
| 008 | 040225t2005 maua f 001 0 eng d | ||
| 020 | _a0763725935 (pbk.) | ||
| 020 | _a9780763725938 | ||
| 040 |
_aDLC _beng _erda _cDLC _dDLC _dEG-ScBUE |
||
| 082 | 0 | 4 |
_a005.133 _bGIT _222 |
| 100 | 1 |
_aGittleman, Art, _d1941- _eauthor. |
|
| 245 | 1 | 0 |
_aC# .Net illuminated / _cArt Gittleman, California State University, Long Beach. |
| 264 | 1 |
_aSudbury, MA : _bWorld Headquarters Jones and Bartlett Publishers, _c[2005] |
|
| 264 | 4 | _cc2005 | |
| 300 |
_axiv, 349 pages : _billustrations ; _c23 cm. |
||
| 336 |
_2rdacontent _atext _btxt |
||
| 337 |
_2rdamedia _aunmediated _bn |
||
| 338 |
_2rdacarrier _avolume _bnc |
||
| 490 | 0 | _aJones and Bartlett illuminated series | |
| 500 | _aIncludes index. | ||
| 630 | 0 | 7 |
_aMicrosoft .NET Framework. _2BUEsh |
| 650 | 7 |
_aC# (Computer program language) _2BUEsh |
|
| 653 |
_bCOMSCI _cMay2021 |
||
| 655 |
_vReading book _934232 |
||
| 856 | 4 | 1 |
_3Table of contents _uhttp://www.loc.gov/catdir/toc/ecip0415/2004004572.html |
| 906 |
_a7 _bcbc _corignew _d1 _eecip _f20 _gy-gencatlg |
||
| 942 |
_2ddc _cBB |
||